| 000 | 00524 a2200181 4500 | ||
|---|---|---|---|
| 001 | 068491 | ||
| 003 | OSt | ||
| 005 | 20220218123300.0 | ||
| 008 | |||
| 082 |
_a306 _bH14C |
||
| 245 | 1 |
_aStuart Hall _cedited by David Morley and Chen Hsing Kuan |
|
| 260 |
_aLondon _bRoutledge _c2005 |
||
| 300 | _a522p. | ||
| 653 | _aPostmodernism--Social aspects; Hall, Stuart, 1932-2014; Communism; Culture | ||
| 700 |
_aMorley, David _eEditor |
||
| 700 |
_aKuan, Chen Hsing _eEditor |
||
| 942 |
_2ddc _cBK |
||
| 999 |
_c2153 _d2153 |
||